000
00332 a2200157 4500
001
170368
020
_a
040
_c
Magnum
100
_a
Shakespeare, William
240
1
0
_a
Romeu e julieta/scipione
_l
por
245
1
0
_a
Romeu e julieta/scipione
362
0
_a
1899
440
1
_a
Scipione
697
_a
IJ/FICCAO
942
_c
BK
999
_c
170368
_d
170368